Caricamento...

Detention in the war on terror : can human rights

Dettagli Bibliografici
Autore principale: De Londras,Fiona
Natura: Printed Book
Pubblicazione: Cambridge Cambridge University Press 2011
Soggetti:
LEADER 00649nam a22001577a 4500
020 |a 978-0-521-19760-1 
074 |a 8952 
082 |a 345.052 7 DEL'11 
100 |a De Londras,Fiona  |9 2794 
245 |a Detention in the war on terror  |b : can human rights 
260 |a Cambridge  |b Cambridge University Press  |c 2011 
300 |a x,316p. 
500 |a Includes index and subject bibliograpy 
653 |a Detention of persons  |a Human rights-international co-operation  |a Terrorism-Prevention 
999 |c 6718  |d 6718 
952 |0 0  |1 0  |2 ddc  |4 0  |6 345_052000000000000_7_DEL11  |7 0  |9 8414  |a NUALS  |b NUALS  |d 2013-02-12  |l 1  |o 345.052 7 DEL'11  |p 8952  |r 2018-07-20  |s 2016-08-25  |t 1  |w 2013-04-11  |y BK